| 000 | 01104nam a22002777a 4500 | ||
|---|---|---|---|
| 001 | 8310 | ||
| 003 | FISKH | ||
| 005 | 20250908161636.0 | ||
| 008 | 250908b cb ||||| |||| 00| 0 eng d | ||
| 020 | _a9780545417211 | ||
| 040 |
_aFISKH _beng _cFISKH _dFISKH |
||
| 050 | _aPZ7.M478415 W | ||
| 082 | _a636 | ||
| 100 | _aMcCully, Emily Arnold | ||
| 245 |
_aWonder horse : _bThe true story of the world's smartest horse / _cBy Emily Arnold McCully |
||
| 250 | _aFirst Scholastic printing, January 2012 | ||
| 260 |
_aNew York : _bScholastic , _c2010. |
||
| 300 |
_a32 unnumbered pages : _bcolor illustrations ; _c28 cm . |
||
| 505 | _aR | ||
| 520 | _aA fictionalized account of Bill "Doc" Key, a former slave who became a veterinarian, trained his horse, Jim Key, to recognize letters and numbers and to perform in skits around the country, and moved the nation toward a belief in treating animals humanely. Includes an author's note. | ||
| 521 | 8 |
_a690
_bLexile |
|
| 521 | 8 |
_aR
_bRaz-Plus |
|
| 650 |
_aKindness to animals _vChildren's Book |
||
| 942 |
_2ddc _cBK _n0 |
||
| 999 |
_c8310 _d8310 |
||